000
00204nam a22000857a 4500
008
161125b xxu||||| |||| 00| 0 eng d
100
_9
1431
_a
Smith.J.L.
245
_a
Language Arts-1-3
260
_a
USA
_b
TCR
_c
2003
999
_c
4152
_d
4152